Online
Catalog

La guerrilla del che / (Record no. 18372)

MARC details
000 -CABECERA
campo de control de longitud fija 00842nam a2200241 a 4500
001 - NÚMERO DE CONTROL
campo de control 000018853
005 - FECHA Y HORA DE LA ÚLTIMA TRANSACCIÓN
campo de control 20200929165852.0
008 - DATOS DE LONGITUD FIJA--INFORMACIÓN GENERAL
campo de control de longitud fija 100519s1980 mx b 000 0 spa d
020 ## - NÚMERO INTERNACIONAL ESTÁNDAR DEL LIBRO
Número Internacional Estándar del Libro 9682301149
040 ## - FUENTE DE LA CATALOGACIÓN
Centro catalogador/agencia de origen DO-SdBNP
Lengua de catalogación spa
Centro/agencia transcriptor BNPHU
082 ## - NÚMERO DE LA CLASIFICACIÓN DECIMAL DEWEY
Número de clasificación xxx
Número de documento/Ítem D288g, 1980
049 ## - FONDOS LOCALES (OCLC)
Fondos de biblioteca BNGR
100 1# - ENTRADA PRINCIPAL--NOMBRE DE PERSONA
Nombre de persona Debray, Régis,
9 (RLIN) 40492
240 13 - TÍTULO UNIFORME
Título uniforme La guérrilla du che.
Lenguaje de la obra Español.
245 13 - MENCIÓN DE TÍTULO
Título La guerrilla del che /
Mención de responsabilidad, etc. Régis Debray ; edición de Eugenia Huerta ;traducción de Aurelio Garzón del Camino.
250 ## - MENCIÓN DE EDICIÓN
Mención de edición 4a ed.
260 ## - PUBLICACIÓN, DISTRIBUCIÓN, ETC.
Lugar de publicación, distribución, etc. México :
Nombre del editor, distribuidor, etc. Siglo XXI Editores,
Fecha de publicación, distribución, etc. 1980.
300 ## - DESCRIPCIÓN FÍSICA
Extensión 154 p. :
Otras características físicas mapas ;
Dimensiones 21 cm.
500 ## - NOTA GENERAL
Nota general Incluye notas al pie de las páginas.
534 ## - NOTA SOBRE LA VERSIÓN ORIGINAL
Frase introductoria Título original en francés:
Mención de título del original La guérrilla du che.
Publicación, distribución, etc. del original 1974
700 1# - PUNTO DE ACCESO ADICIONAL--NOMBRE DE PERSONA
Nombre de persona Huerta, Eugenia,
Término indicativo de función/relación ed.
9 (RLIN) 33047
700 1# - PUNTO DE ACCESO ADICIONAL--NOMBRE DE PERSONA
Nombre de persona Garzón del Camino, Aurelio,
Término indicativo de función/relación tr.
9 (RLIN) 40620
Holdings
Estado de retiro Estado de pérdida Restricciones de uso No para préstamo Código de colección Localización permanente Ubicación/localización actual Ubicación en estantería Fecha de adquisición Número de inventario Total de préstamos Signatura topográfica completa Código de barras Fecha visto por última vez Precio válido a partir de Tipo de ítem Koha
        Monografías: Libros y Folletos General General En catalogación 19.05.2010 LF1   xxx D288g, 1980 18853-10 25.06.2020 25.06.2020 Préstamo en sala

Powered by Koha